[Event "GER AM05-A email"]
[Site "GER email"]
[Date "2019.06.19"]
[Round "?"]
[White "Kraft, Dieter"]
[Black "Schuetze, Manfred"]
[Result "1/2-1/2"]
[WhiteElo "2488"]
[BlackElo "2490"]
[PlyCount "45"]
[EventDate "2019.??.??"]
[EventType "tourn (corr)"]
[EventRounds "14"]
[EventCountry "GER"]
[SourceTitle "Corr 2022"]
[Source "ChessBase"]
[SourceDate "2021.10.24"]
[SourceVersion "1"]
[SourceVersionDate "2021.10.24"]
[SourceQuality "1"]

1. e4 c5 2. Nf3 Nc6 3. d4 cxd4 4. Nxd4 Nf6 5. Nc3 e5 6. Ndb5 d6 7. Bg5 a6 8. Na3 b5 9. Bxf6 gxf6 10. Nd5 f5 11. c3 Bg7 12. Bd3 Be6 13. Nxb5 axb5 14. Bxb5 Rc8 15. Qa4 Bd7 16. exf5 0-0 17. 0-0 e4 18. Rfe1 Ne5 19. Bxd7 Nxd7 20. Qxe4 Nf6 21. Nxf6+ Bxf6 22. Rad1 Qb6 23. Qg4+ 1/2-1/2

[Event "GER-ch49 final email"]
[Site "GER email"]
[Date "2019.02.19"]
[Round "?"]
[White "Hirr, Rudi"]
[Black "Kraft, Dieter"]
[Result "1/2-1/2"]
[WhiteElo "2427"]
[BlackElo "2484"]
[PlyCount "56"]
[EventDate "2019.??.??"]
[EventType "tourn (corr)"]
[EventRounds "14"]
[EventCountry "GER"]
[SourceTitle "Corr 2020"]
[Source "ChessBase"]
[SourceDate "2019.09.30"]
[SourceVersion "1"]
[SourceVersionDate "2019.09.30"]
[SourceQuality "1"]

1. d4 d5 2. c4 c6 3. Nf3 Nf6 4. e3 e6 5. b3 Nbd7 6. Bb2 Bd6 7. Bd3 0-0 8. 0-0 b6 9. Nbd2 Bb7 10. Qe2 c5 11. Rfd1 Re8 12. cxd5 exd5 13. Bb5 Re6 14. Rac1 a6 15. Bd3 g6 16. Rc2 Re8 17. Rdc1 Qe7 18. Qd1 Rac8 19. Bf1 Ng4 20. Qe2 Ngf6 21. g3 a5 22. Nb1 Ne4 23. Nfd2 cxd4 24. Rxc8 Bxc8 25. Bxd4 Bc5 26. Nf3 Ndf6 27. h3 h5 28. Nbd2 Nxd2 1/2-1/2

[Event "GER-ch49 final email"]
[Site "GER email"]
[Date "2019.02.19"]
[Round "?"]
[White "Schwetlick, Thomas"]
[Black "Kraft, Dieter"]
[Result "1/2-1/2"]
[WhiteElo "2503"]
[BlackElo "2484"]
[PlyCount "71"]
[EventDate "2019.??.??"]
[EventType "tourn (corr)"]
[EventRounds "14"]
[EventCountry "GER"]
[SourceTitle "Corr 2020"]
[Source "ChessBase"]
[SourceDate "2019.09.30"]
[SourceVersion "1"]
[SourceVersionDate "2019.09.30"]
[SourceQuality "1"]

1. e4 c5 2. Nf3 d6 3. d4 cxd4 4. Nxd4 Nf6 5. Nc3 a6 6. Be3 e5 7. Nb3 Be6 8. f3 Be7 9. Qd2 0-0 10. 0-0-0 Nbd7 11. g4 b5 12. g5 b4 13. Ne2 Ne8 14. f4 a5 15. f5 a4 16. fxe6 axb3 17. cxb3 fxe6 18. Bh3 Rxa2 19. Bxe6+ Kh8 20. Ng3 Nc7 21. Bc4 Qa8 22. Rhf1 Rxf1 23. Rxf1 Ra1+ 24. Kc2 Rxf1 25. Bxf1 d5 26. Qf2 dxe4 27. Qf7 Nd5 28. Bg1 e3 29. Nf5 Qf8 30. Qe6 N7b6 31. Nxe7 Nxe7 32. Bd3 Nbd5 33. Qh3 h6 34. gxh6 Qf4 35. hxg7+ Kxg7 36. Qh7+ 1/2-1/2